| 000 | 00000nam 2200000za 4500 |
| 001 | 9.675281 |
| 003 | CaOODSP |
| 005 | 20250307092501 |
| 007 | cr ||||||||||| |
| 008 | 150407|2008||||xxc|||||o f|0| 0 spa d |
| 040 | |aCaOODSP|beng |
| 043 | |an-cn--- |
| 086 | 1 |aFR5-54/2008Spa-PDF|zFR5-54/2008Sp-PDF |
| 110 | 1 |aCanada. |bForeign Affairs and International Trade Canada. |
| 245 | 10|a[National reports on implementation of commitments from the fourth Summit of the Americas (Canada, January 2007-December 2007)] |h[electronic resource]. |
| 250 | |a[Spanish edition]. |
| 260 | |aOttawa - Ontario : |bForeign Affairs and International Trade |c26 February 2008. |
| 300 | |a14p. |
| 500 | |aIssued also in English under title: National reports on implementation of commitments from the fourth Summit of the Americas (Canada, January 2007-December 2007). |
| 546 | |aText in Spanish. |
| 590 | |a11-07-Supp|b2011-05-17 |
| 690 | 07|aForeign policy|2gcpds |
| 775 | 08|tNational reports on implementation of commitments from the fourth Summit of the Americas (Canada, January 2007-December 2007) |w(CaOODSP)9.694598 |
| 792 | |t[Rapports nationaux sur la mise en oevre des engagements du quatrième Sommet des Amériques (Canada, janvier 2007-décembre 2007)]|efre|w(CaOODSP)9.675282 |
| 795 | |t[National report of Canada on the implementation of commitments from the fourth Summit of the Americas] |w(CaOODSP)9.675277 |
| 856 | 40|ahttp://publications.gc.ca|qPDF|s104 KB|uhttps://publications.gc.ca/collections/collection_2011/aecic-faitc/FR5-54-2008-spa.pdf |